Ja sám, ja sám!

Bibliographic Details
Main Authors: Demo, Igor, 1975- (Author), Sládek, Stano (Author)
Format: Article
Language:Slovak
Subjects:

MARC

LEADER 00000nab a2200000 a 4500
001 vtls000539587
003 SK-MaSNL
005 20260303012506.0
008 120928c1995 xo 0 slo
015 |a SNBRB19rr/mm-uuuuu 
035 |a CL0539725 
040 |a SNKBUCL  |b slo  |c SNKBUCL  |e AACR2 
041 0 |a slo 
044 |a xo  |c SK 
080 |a 796.332.071  |2 1981 
100 1 |a Demo, Igor,  |d 1975-  |4 aut  |9 121332 
245 1 0 |a Ja sám, ja sám!  |c Igor Demo, Stano Sládek 
600 1 7 |a Demo, Igor,  |d 1975-  |2 snkbucl  |9 121332 
655 7 |a rozhovory  |2 snkbucl  |9 31831 
655 7 |a články z novín a časopisov  |2 snkbucl  |9 267496 
700 1 |a Sládek, Stano  |4 aut  |9 274553 
773 0 |t Šport  |g Roč. 49, č. 8 (11. 1. 1995), s. 10 
850 |a Slovenská národná knižnica v Martine  |a MTA001 
852 |a SNK  |b KIS3GCP 
958 |a RK 
992 |a RBX 
999 |c 1597518  |d 1599448